Dos años de gobierno del general e ingeniero don Miguel Ydigoras Fuentes
Guardat en:
| Format: | Llibre |
|---|---|
| Idioma: | espanyol |
| Publicat: |
Ciudad de Guatemala, Guatemala
Nacional
1961
|
| Matèries: | |
| Etiquetes: |
Afegir etiqueta
Sense etiquetes, Sigues el primer a etiquetar aquest registre!
|
MARC
| LEADER | 00000nam a2200000 a 4500 | ||
|---|---|---|---|
| 001 | UCO1021 | ||
| 003 | CL-VaPUC | ||
| 005 | 20210609001725.0 | ||
| 008 | 000505e19610000gt |||||||||||||||||spa|d | ||
| 999 | |c 287656 |d 287654 | ||
| 040 | |c Pontificia Universidad Católica de Valparaíso | ||
| 082 | 0 | 4 | |a 972.81052 DOS 1961 |2 21 |
| 245 | 1 | 0 | |a Dos años de gobierno del general e ingeniero don Miguel Ydigoras Fuentes |
| 260 | |a Ciudad de Guatemala, Guatemala |b Nacional |c 1961 | ||
| 300 | |a 103 páginas | ||
| 583 | |a last modification |c 20171127 02:30:01 |k Rodrigo Vera | ||
| 600 | 0 | 7 | |a YDIGORAS FUENTES, MIGUEL |2 CL-VaPUC |9 442752 |
| 650 | 7 | |a HISTORIA DE GUATEMALA |2 CL-VaPUC |9 396370 | |
| 650 | 0 | |a Historia contemporánea |z GUATEMALA |9 343224 | |
| 650 | 7 | |a POLITICA Y GOBIERNO |2 CL-VaPUC |9 442753 |y 1958-1960 |z GUATEMALA | |
| 942 | |c BK |2 ddc | ||
| 945 | |d 20000505 00:00:00 |a crobeson | ||
| 952 | |0 0 |1 0 |2 ddc |4 0 |6 972_810520000000000_DOS_1961 |7 0 |8 A |9 334601 |a BIBHIS |b BIBHIS |d 2019-11-20 |i 1272810 |o 972.81052 DOS 1961 |p 1272810 |r 2025-01-20 |t 1 |w 2019-11-20 |y BK |k HIS | ||